Wordt geladen...

Resource distribution among dalits: a socio spatial appraisal of water resource distribution in Koruthode grama panchayat

Bibliografische gegevens
Hoofdauteur: Ramraj
Gepubliceerd in: Kaady Sree Sankaracharya University of Sanskrit 2014
Onderwerpen:
LEADER 00705nam a22001817a 4500
082 |a MGE 910.133 391  |b RAM/R 
100 |a Ramraj 
245 |a Resource distribution among dalits:  |b a socio spatial appraisal of water resource distribution in Koruthode grama panchayat 
260 |a Kaady  |b Sree Sankaracharya University of Sanskrit  |c 2014 
300 |a 75p. 
650 |a Ph.D Thesis Geography 
650 |a Geography 
650 |a Dalit Studies 
650 |a Water Distribution 
650 |a Water Resource Koruthode 
942 |c MPHD 
999 |c 124542  |d 124542 
952 |0 0  |1 0  |2 ddc  |4 0  |6 MGE_910_133000000000000_391_RAM_R  |7 0  |9 94001  |a SSUS  |b SSUS  |c REF  |d 2015-02-25  |o MGE 910.133 391 RAM/R  |p T 1824  |r 2015-02-25  |w 2015-02-25  |y MPHD